| 000 | 00595nam a2200217Ia 4500 | ||
|---|---|---|---|
| 003 | OSt | ||
| 005 | 20251219101807.0 | ||
| 008 | 210210b xxu||||| |||| 00| 0 eng d | ||
| 040 | _cAL | ||
| 041 | _aHindi | ||
| 082 | _a869/108 | ||
| 100 |
_aJOSHI (Ela Chandra) _d जोशी (ईला चंद्र) _9196530 |
||
| 245 |
_aDivali aur holi _bदिवाली और होली |
||
| 260 |
_aAllahAbAd _bCentral Book Depot |
||
| 650 |
_aholi _9196531 |
||
| 650 |
_aDivali _9196532 |
||
| 650 |
_aaur _9196533 |
||
| 690 |
_aHindi Fiction _9196534 |
||
| 906 | _a023907 | ||
| 942 |
_2ddc _cBK |
||
| 999 |
_c148872 _d148872 |
||